000 00706nam a22002172 4500
001 0000018585
005 20151217152129.0
008 100214s xx 000 0 eng d
020 _a0140283129 :
040 _aKABU
_cKABU
100 1 _aGates, Bill.
_@0000177893
245 1 0 _aBusiness @ the speed of thought :
_bsucceeding in the digital economy /
_cBill Gates.
250 _a1st ed.
260 _aLondon :
_bPenguin,
_c1999.
300 _axxv, 527 p.
650 0 _aBusiness enterprises
_xComputer networks.
_@0000151606
650 0 _aBusiness enterprises
_xCommunication systems.
_@0000177894
852 1 _9p1135 KES
908 _a100214
950 _@1
999 _c8588
_d8588